000 00291nam a22001337a 4500
003 SGT
082 _a615.538
_bB14S
100 _aSITARAM, BULUSU
245 _aBHAVAPRAKASA OF BHAVAMISRA
260 _aVARANASI
_bCHAUKHAMBHA PUB
_c2014
300 _a770
650 _aAYURVEDA
942 _2ddc
_cBK
999 _c8412
_d8412